=LDR 00000nam 2200000 4500 =001 INLIS000000000013373 =005 20130612104758 =008 ***********************************Ind** =035 ##$$a0010-061300000013373 =041 ##$$a Ind =082 ##$$a 658.81 =090 ##$$a 658.81, Mur m =100 ##$$a Mursid.M =245 ##$$a Manajemen pemasaran, M. Mursid =260 ##$$a 2003 $b Jakarta =300 ##$$a 136 hlm, Ilus, 21 cm =650 ##$$a Manajemen, Pemasaran =850 ##$$a NBPNMAT =990 ##$$a 21194772/BPAP-NTB/2014 =990 ##$$a 1312713127 =990 ##$$a 01201713127 =990 ##$$a 21194772/BPAP-NTB/2014 =990 ##$$a 01201713127 =990 ##$$a 21194772/BPAP-NTB/2014